| 000 | 02414nam a2200289Ia 4500 | ||
|---|---|---|---|
| 005 | 20200122084903.0 | ||
| 008 | 130821s1653 fr fr 1 lat | ||
| 040 |
_aCo-BoUCM _bspa _cSandra Yazo _dSandra Yazo |
||
| 041 | 0 | _alat | |
| 082 | 0 | 4 |
_a222. 88 _220 |
| 092 | _aE10N066 | ||
| 100 | 1 |
_aCerda, José de la _d -1645 _997914 |
|
| 242 | 0 | 0 |
_aComentario literal y moral a la historia sagrada de Judith. Tomo segundo _cJosé de la Cerda _yspa |
| 245 | 1 | 0 |
_aIn Sacram Iudith historiam Commentarius Litteralis & Moralis ... Tomus secundus _cIoseph de la Zerda |
| 260 |
_aLugduni [Lyon] (Francia) _bSumptibus Laurentii Anisson [A expensas de Lorenzo Anisson] _c1653 |
||
| 300 |
_a25 - 496, [16] páginas _c35 x 23 cm. |
||
| 500 | _aDetalles físicos: Sin encuadernación original, actualmente con encuadernación rígida (holandesa con esquinas). Cartón forrado en papel, lomo y esquineras de cuero, tejuelos en lomo y adornos en dorado. Tapas con bordes deteriorados. Guardas. Ejemplar mútilo, sin portada ni páginas preliminares y finales. Cenefas y remates. Mayúsculas capitales. Texto impreso en dos columnas, algunos párrafos numerados, varios tipos y tamaños de letra. Apostillas. Signaturas y reglamos. Papel con manchas y suciedad. Papel refilado y cortes decorados. Restauración anterior en las dos primeras hojas (p. 25, 28). Perforaciones por insectos con algunas restauraciones página 38, 47. Páginas 493-496 con perforaciones. El índice final incluye una hoja pegada que no corresponde a este texto (es del libro 42 del Digesto). Datos de publicación confirmados con la edición en línea. Colección incompleta | ||
| 505 | 0 | _aCapítulo IX, versículo 2, hasta el Capítulo 16, versículo 14, del libro de Judith del Antiguo Testamento | |
| 506 | _aConsulta en sala | ||
| 546 | _aTexto en latín con citas en griego | ||
| 630 | 1 | 3 |
_aBiblia _pA.T. -- Judith _vComentarios _xObras anteriores a 1800 _94831 |
| 650 | 7 |
_aInterpretación de la biblia _xObras anteriores a 1800 _935371 |
|
| 650 | 7 |
_aTeología bíblica _xObras anteriores a 1800 _925232 |
|
| 690 |
_aTeología _925230 |
||
| 856 | 4 | 8 |
_uhttps://books.google.com.co/books?id=JXH0PnpY_LoC&pg=PA340&dq=Moralis+explanatio+in+librum+Iudith&hl=es-419&sa=X&ved=0ahUKEwj3hN7U3NrjAhUCnFkKHWTaB5MQ6AEIOjAC#v=onepage&q=Moralis%20explanatio%20in%20librum%20Iudith&f=false _zDisponible en línea |
| 942 |
_cLIBRO _a4 _e1 _2LOCAL _hE10N066 |
||
| 999 |
_c73707 _d73707 |
||